000 00380nam a2200133Ia 4500
005 20260326100029.0
008 260326s9999||||xx |||||||||||||| ||und||
100 _aBerthelot, Jack
245 0 _aCaribbean Popular dwelling L' habitat populAire aux Antilles /
_cJack Berthelot
260 _bPerspective Créoles
300 _a167 p.
650 _aARQUITECTURA REGIONAL
942 _cBK
999 _c6540
_d6540